Effectif OM 2024/2025 - Statistiques

Statistiques générales
  • Ce quiz a été pris 58 fois
  • Le résultat moyen est 11 sur 32
Statistiques - réponses
Hint Réponse % Correct
Coach Roberto De Zerbi
82%
G Gerónimo Rulli
64%
A Mason Greenwood
64%
D Leonardo Balerdi
54%
M Adrien Rabiot
51%
A Elye Wahi
51%
A Luis Henrique
51%
A Neal Maupay
51%
A Jonathan Rowe
44%
D Quentin Merlin
41%
M Valentin Rongier
41%
M Geoffrey Kondogbia
38%
D Lilian Brassier
38%
G Jeffrey de Lange
36%
D Pol Lirola
36%
D Chancel Mbemba
33%
D Amir Murillo
31%
M Pierre-Emile Højbjerg
31%
A Enzo Sternal
28%
D Derek Cornelius
26%
G Rubén Blanco
26%
M Ismaël Koné
23%
M Amin Harit
21%
D Bamo Meïté
18%
M Darryl Bakola
15%
D Ulisses Garcia
15%
A Faris Moumbagna
13%
M Valentín Carboni
13%
M Bilal Nadir
8%
M Gaël Lafont
8%
A Keyliane Abdallah
5%
A François Mughe
3%
Aucun quiz correspondant
Distribution des résultats
% des personnes avec chaque résultat
Percentile par nombre de réponses
Votre historique - résultats
Vous n’avez pas pris ce quiz